000 00674nam a2200217 a 4500
005 20240806064153.0
008 031106s1985 mx r 000 0 spa d
020 _a9682201918
035 _aUPN01000130730
049 _aCG
050 4 _aRC530
_bA3.4
100 1 _aAdler, Alfred,
_d1870-1937
245 1 3 _aEl carácter neurótico /
_cAlfred Adler ; tr. de A. von Ritter-Zahóny.
260 _aMéxico :
_bOrigen :
_bPlaneta,
_c1985.
300 _aix, 301 p.
440 0 _aObras maestras del pensamiento contemporáneo ;
_v20
534 _pTraducción de:
_tUber den Nervösen charakter
650 4 _aNEUROSIS
_99378
650 4 _aPsicoanálisis
_91572
905 _aLibro
999 _c102887
_d102887